Delené pracovné miesto (job sharing)

Inštitút deleného pracovného miesta upravený zákonníkom práce. Komu je delené pracovné miesto určené. Zmluvná sloboda a atypické formy zamestnávania vrátane job sharingu. Právna úprava deleného pracovného miesta. Výhody a nevýhody deleného pracovného miesta. Posúdenie, či je pracovné miesto vhodné n...

Descrizione completa

Salvato in:
Dettagli Bibliografici
Autore principale: Mičudová, Tatiana
Natura: Capitolo di libro
Lingua:slovacco
Soggetti:
Tags: Aggiungi Tag
Nessun Tag, puoi essere il primo ad aggiungerne!!

MARC

LEADER 00000naa a2200000 4500
001 0225034
005 20161205102825.7
041 0 |a slo 
044 |a SK 
245 1 0 |a Delené pracovné miesto (job sharing)  |c Tatiana Mičudová 
520 |a Inštitút deleného pracovného miesta upravený zákonníkom práce. Komu je delené pracovné miesto určené. Zmluvná sloboda a atypické formy zamestnávania vrátane job sharingu. Právna úprava deleného pracovného miesta. Výhody a nevýhody deleného pracovného miesta. Posúdenie, či je pracovné miesto vhodné na job sharing. 
610 2 0 |a miesta pracovné 
610 2 0 |a práca flexibilná 
610 2 0 |a zákonník práce 
610 2 0 |a zamestnanci 
610 2 0 |a zamestnávatelia 
100 1 |a Mičudová, Tatiana